000 00310nam a2200133Ia 4500
008 260604s9999 xx 000 0 und d
020 _a9781324087182
082 _a658.4 DIX
100 _aAvinash dixit
_935765
245 0 _aGames of Strategy 6/e {ISE}
260 _bNORTAN
500 _aStrategy
942 _cBK
999 _c8594
_d8594